000 00703nam a2200289Ia 4500
005 20260324143134.0
008 008 260324s9999 xx 000 0 eng d
020 _a9780203205549
037 _aEBOOK
040 _aCRL
040 _beng
040 _cCRL
041 _2eng
041 _aeng
084 _qCRL
100 _aStanley Cohen; Laurie Taylor
_91214524
245 0 _aEscape Attempts
245 4 _bThe Theory and Practice of Resistance in Everyday Life
260 _bTaylor and Francis
260 _c1993
365 _a
365 _b230
856 _uhttp://www.taylorfrancis.com/books/9780203205549
942 _cEBOOK
999 _c1819577
_d1819577